000 00382nam a22001457a 4500
003 MACL
005 20191128164351.0
008 191128b xxu||||| |||| 00| 0 eng d
040 _cMACL
100 _aPalit, Projit Kumar
_977343
245 _aThe Gospel of Sri Ramakrshna and its Relevance
260 _aDelhi
_bKaveri Books
_c2017
650 _aBiography
_977344
942 _2ddc
_cBK
999 _c61445
_d61445